[Event "Steinfurt Bezirksklasse 0304"]
[Site "Germany"]
[Date "2004.05.29"]
[Round "11.2"]
[White "Boeckmann, Dirk"]
[Black "Obradovic, Sasa"]
[Result "1-0"]
[WhiteElo "1407"]
[BlackElo "1409"]
[PlyCount "137"]
[EventDate "2003.09.27"]
[EventType "team-tourn"]
[EventRounds "11"]
[EventCountry "GER"]
[SourceTitle "EXT 2005"]
[Source "ChessBase"]
[SourceDate "2004.11.15"]
[SourceVersion "1"]
[SourceVersionDate "2004.11.15"]
[SourceQuality "1"]
[WhiteTeam "Reckenfeld II"]
[BlackTeam "Westerkappeln II"]
[WhiteTeamCountry "GER"]
[BlackTeamCountry "GER"]

1. e4 g6 2. Nf3 Bg7 3. d3 Nf6 4. Be2 d6 5. 0-0 0-0 6. Nc3 e5 7. Bg5 Be6 8. Qd2 Qd7 9. Bh6 c5 10. Bxg7 Kxg7 11. Ng5 a6 12. a3 Nc6 13. f4 exf4 14. Qxf4 Qe7 15. Rf2 Nd4 16. Raf1 Nxe2+ 17. Nxe2 Nh5 18. Nxe6+ fxe6 19. Qe3 Rxf2 20. Qxf2 Nf6 21. Qg3 b5 22. e5 dxe5 23. Qxe5 Re8 24. Nf4 Kg8 25. Re1 Kf7 26. Rf1 Rd8 27. Nh5 gxh5 28. Qxh5+ Kf8 29. Qh6+ Kg8 30. Qxf6 Qxf6 31. Rxf6 Rd6 32. Rf3 Kg7 33. Kf2 c4 34. Ke2 cxd3+ 35. Rxd3 Rc6 36. c3 b4 37. axb4 Rb6 38. Rd2 Kf6 39. Ke3 Ke5 40. g4 h6 41. h4 Rc6 42. Rd4 Rb6 43. Re4+ Kf6 44. Rf4+ Kg6 45. Re4 Kf6 46. Rc4 Rb5 47. Rc5 Rb6 48. Ke4 Rd6 49. g5+ hxg5 50. hxg5+ Kg6 51. Kf4 Rb6 52. Ke4 Rd6 53. Ke5 Rb6 54. Kd4 Rd6+ 55. Kc4 Rb6 56. b5 Rd6 57. bxa6 Rxa6 58. b4 Ra7 59. Kb5 Re7 60. Re5 Kf7 61. Kc6 Ra7 62. b5 Ra5 63. c4 Ra4 64. c5 Ke7 65. b6 Rd4 66. b7 Rd8 67. Kb6 Kf7 68. Kc7 Ke7 69. Rxe6+ 1-0

[Event "Steinfurt Bezirksklasse 0304"]
[Site "Germany"]
[Date "2004.04.24"]
[Round "9.3"]
[White "Obradovic, Sasa"]
[Black "Kloetzing, Johannes"]
[Result "1-0"]
[WhiteElo "1409"]
[BlackElo "1168"]
[PlyCount "47"]
[EventDate "2003.09.27"]
[EventType "team-tourn"]
[EventRounds "11"]
[EventCountry "GER"]
[SourceTitle "EXT 2005"]
[Source "ChessBase"]
[SourceDate "2004.11.15"]
[SourceVersion "1"]
[SourceVersionDate "2004.11.15"]
[SourceQuality "1"]
[WhiteTeam "Westerkappeln II"]
[BlackTeam "Steinfurt IV"]
[WhiteTeamCountry "GER"]
[BlackTeamCountry "GER"]

1. c4 e5 2. Nc3 Nf6 3. g3 Bc5 4. e3 d6 5. Bg2 c6 6. d4 exd4 7. exd4 Bb6 8. Be3 0-0 9. Nf3 Re8 10. 0-0 Bg4 11. Qd3 Bxf3 12. Bxf3 c5 13. Bxb7 cxd4 14. Bxd4 Bxd4 15. Qxd4 Nbd7 16. Bxa8 Qxa8 17. Nd5 Rc8 18. Ne7+ Kf8 19. Nxc8 Qxc8 20. Qxd6+ Kg8 21. b3 h6 22. Rad1 Qb7 23. Rfe1 Kh7 24. Re7 1-0

[Event "Steinfurt Bezirksklasse 0304"]
[Site "Germany"]
[Date "2004.02.28"]
[Round "7.5"]
[White "Obradovic, Sasa"]
[Black "Greiling, Thorsten"]
[Result "1-0"]
[WhiteElo "1409"]
[BlackElo "1272"]
[PlyCount "69"]
[EventDate "2003.09.27"]
[EventType "team-tourn"]
[EventRounds "11"]
[EventCountry "GER"]
[SourceTitle "EXT 2005"]
[Source "ChessBase"]
[SourceDate "2004.11.15"]
[SourceVersion "1"]
[SourceVersionDate "2004.11.15"]
[SourceQuality "1"]
[WhiteTeam "Westerkappeln II"]
[BlackTeam "Saerbeck Falke IV"]
[WhiteTeamCountry "GER"]
[BlackTeamCountry "GER"]

1. c4 Nc6 2. d4 d5 3. e3 Nf6 4. Nc3 Bf5 5. a3 e5 6. dxe5 Nxe5 7. Nxd5 Nxd5 8. cxd5 Bc5 9. b4 Bb6 10. Bb2 f6 11. Bxe5 fxe5 12. Qh5+ g6 13. Qf3 a6 14. e4 Bd7 15. Bc4 Rf8 16. Qd3 Rxf2 17. Qg3 Qf6 18. Nf3 Qf4 19. Qxf4 exf4 20. Ra2 Rxa2 21. Bxa2 0-0-0 22. Ne5 Re8 23. Nxd7 Kxd7 24. Bb1 Bd4 25. Rf1 g5 26. Ke2 Bb2 27. a4 c6 28. Rd1 h6 29. dxc6+ Kxc6 30. Rd5 b5 31. axb5+ axb5 32. Bd3 Rb8 33. Rf5 Bc3 34. h4 gxh4 35. Rc5+ 1-0

[Event "Steinfurt Bezirksklasse 0203"]
[Site "Germany"]
[Date "2002.09.28"]
[Round "1.4"]
[White "Stange, Joerg"]
[Black "Obradovic, Sasa"]
[Result "1/2-1/2"]
[WhiteElo "1498"]
[BlackElo "1473"]
[PlyCount "107"]
[EventDate "2002.09.28"]
[EventType "team-tourn"]
[EventRounds "7"]
[EventCountry "GER"]
[SourceTitle "EXT 2005"]
[Source "ChessBase"]
[SourceDate "2004.11.15"]
[SourceVersion "1"]
[SourceVersionDate "2004.11.15"]
[SourceQuality "1"]
[WhiteTeam "Rheine CC"]
[BlackTeam "Westerkappeln II"]
[WhiteTeamCountry "GER"]
[BlackTeamCountry "GER"]

1. d4 e6 2. c4 f5 3. Nf3 Nf6 4. Bg5 Be7 5. Bxf6 Bxf6 6. Nbd2 0-0 7. Rb1 c6 8. Qb3 d5 9. e3 Nd7 10. Be2 b6 11. 0-0 Bb7 12. Rfc1 c5 13. cxd5 Bxd5 14. Bc4 Bxc4 15. Qxc4 Qe7 16. d5 Rfe8 17. dxe6 Qxe6 18. g3 Kf8 19. Qxe6 Rxe6 20. Rd1 Rd8 21. b3 Nb8 22. Nc4 Nc6 23. Rxd8+ Nxd8 24. Rd1 Nc6 25. a3 Ke7 26. h4 h6 27. Kg2 b5 28. Ncd2 Na5 29. b4 cxb4 30. axb4 Nc6 31. Rc1 a6 32. Rc5 g6 33. h5 Kf7 34. hxg6+ Kxg6 35. Nb3 Nxb4 36. Nbd4 Bxd4 37. exd4 Rd6 38. Nh4+ Kh7 39. Rc7+ Kg8 40. Nxf5 Rf6 41. g4 h5 42. f3 hxg4 43. fxg4 Nd5 44. Rd7 Nb6 45. Rb7 Nc4 46. d5 Rb6 47. Rxb6 Nxb6 48. d6 b4 49. Nd4 Kf7 50. Kf3 a5 51. Ke2 a4 52. Kd3 b3 53. Nxb3 axb3 54. Kc3 1/2-1/2